|
|
|
|
| LEADER |
00000nam0a2200000 4500 |
| 001 |
259122 |
| 005 |
20231101233346.0 |
| 035 |
|
|
|a (RuTPU)RU\TPU\book\282034
|
| 090 |
|
|
|a 259122
|
| 100 |
|
|
|a 20140505d1987 k y0rusy50 ca
|
| 101 |
0 |
|
|a rus
|
| 102 |
|
|
|a EE
|
| 105 |
|
|
|a y z 001zy
|
| 200 |
1 |
|
|a Методологические проблемы современной статистики
|e межвузовский сборник научных работ по статистике XI
|f Таллинский политехнический институт (ТПИ) ; под ред. У. И. Мересте
|
| 210 |
|
|
|a Таллин
|c Изд-во ТалПИ
|d 1987
|
| 215 |
|
|
|a 186 с.
|
| 225 |
1 |
|
|a Труды Таллинского политехнического института
|v вып. 644
|
| 320 |
|
|
|a Библиография в конце статей
|
| 606 |
1 |
|
|a Статистика
|x Теория
|2 stltpush
|3 (RuTPU)RU\TPU\subj\37958
|9 58708
|
| 610 |
1 |
|
|a методология
|
| 610 |
1 |
|
|a статистические методы
|
| 610 |
1 |
|
|a статистические исследования
|
| 610 |
1 |
|
|a матричное моделирование
|
| 610 |
1 |
|
|a экономическая статистика
|
| 610 |
1 |
|
|a статистический анализ
|
| 610 |
1 |
|
|a промышленная статистика
|
| 610 |
1 |
|
|a оборотные средства
|
| 610 |
1 |
|
|a фондоотдача
|
| 610 |
1 |
|
|a общественное производство
|
| 610 |
1 |
|
|a эффективность
|
| 686 |
|
|
|a С60
|v LBC/SL-A
|2 rubbk
|
| 702 |
|
1 |
|a Мересте
|b У. И.
|4 340
|
| 712 |
0 |
2 |
|a Таллинский политехнический институт (ТПИ)
|c (1941-1989)
|2 stltpush
|3 (RuTPU)RU\TPU\col\12417
|
| 801 |
|
1 |
|a RU
|b 63413507
|c 20140505
|
| 801 |
|
2 |
|a RU
|b 63413507
|c 20141111
|g RCR
|
| 942 |
|
|
|c BK
|